[Event "WA Open - Premier Section"]
[Site "Redmond, WA"]
[Date "2008.05.26"]
[Round "5"]
[White "Yue, Bryan"]
[Black "Fulton, David"]
[Result "0-1"]
[WhiteElo "1820"]
[BlackElo "1888"]
[Annotator "Harrison"]
[PlyCount "98"]
[EventDate "2008.05.??"]
[SourceDate "2008.05.24"]

1. e4 c5 2. Nf3 d6 3. d4 cxd4 4. Nxd4 Nf6 5. Nc3 a6 6. Bc4 e6 7. Bb3 Be7 8. Be3
Nc6 9. Qe2 O-O 10. Rg1 (10. O-O-O {is the main line. Black's 14th move in this
game shows why castling is necessary for white.}) 10... Nxd4 11. Bxd4 e5 12.
Be3 Be6 13. g4 $2 ({Last chance for} 13. O-O-O) 13... Bxb3 14. cxb3 d5 $1 $15
15. exd5 Nxd5 16. Qd2 Nxe3 17. Qxd8 Rfxd8 18. fxe3 Rd3 19. Ke2 Rad8 20. Rgd1
Rxd1 21. Nxd1 g6 22. Nc3 Kg7 23. e4 Rd4 24. Rd1 Rxd1 25. Nxd1 f5 26. gxf5 gxf5
27. exf5 Kf6 28. Ne3 Bc5 29. Nf1 Kxf5 30. Ng3+ Kg4 31. Ne4 Be7 32. Nf2+ Kh4 33.
Kf3 Bc5 34. Nd3 Bd4 35. Ke4 Kh3 36. Nxe5 Bxe5 37. Kxe5 Kxh2 38. Kd6 Kg3 39. Kc7
h5 40. Kxb7 h4 41. Kxa6 h3 42. b4 h2 43. b5 h1=Q 44. a4 Qa8+ 45. Kb6 Qxa4 46.
Kc6 Qc4+ 47. Kb6 Kf4 48. Ka5 Qc5 49. b4 Qa7# 0-1

[Event "WA Open - Premier Section"]
[Site "Redmond, WA"]
[Date "2008.05.25"]
[Round "3"]
[White "Douglas, Kurt"]
[Black "Lee, Nathan"]
[Result "0-1"]
[WhiteElo "1716"]
[BlackElo "1770"]
[PlyCount "102"]
[EventDate "2008.05.??"]
[SourceDate "2008.05.24"]

1. e4 c5 2. Nf3 Nc6 3. d4 cxd4 4. Nxd4 Nf6 5. Nc3 d6 6. Be2 e6 7. O-O Be7 8.
Be3 a6 9. Kh1 Qc7 10. f4 O-O 11. g4 Nxd4 12. Bxd4 e5 13. Be3 exf4 14. Bxf4 Be6
15. g5 Nd7 16. Nd5 Bxd5 17. exd5 Nc5 18. Bd3 Nxd3 19. Qxd3 Rac8 20. Rac1 Qd8
21. h4 Qd7 22. Qg3 Qb5 23. Rfe1 Rfe8 24. Qb3 Qxb3 25. cxb3 Kf8 26. Rxc8 Rxc8
27. Rc1 Rxc1+ 28. Bxc1 f6 29. Kg2 Kf7 30. Kf3 fxg5 31. hxg5 Kg6 32. Kg4 h6 33.
gxh6 gxh6 34. Bf4 h5+ 35. Kf3 Kf5 36. b4 b5 37. b3 h4 38. a3 Bf6 39. Bxd6 Be5
40. Be7 h3 41. d6 h2 42. Kg2 Ke6 43. a4 Bxd6 44. Bxd6 Kxd6 45. axb5 axb5 46.
Kxh2 Kd5 47. Kg2 Kd4 48. Kf2 Kc3 49. Ke2 Kxb4 50. Kd2 Kxb3 51. Kd3 b4 0-1

[Event "WA Open - Premier Section"]
[Site "Redmond, WA"]
[Date "2008.05.25"]
[Round "3"]
[White "Lowther, Jeff"]
[Black "Lessler, Peter"]
[Result "0-1"]
[WhiteElo "1905"]
[BlackElo "1897"]
[PlyCount "99"]
[EventDate "2008.05.??"]
[SourceDate "2008.05.24"]

1. e4 c6 2. d4 d5 3. Nd2 dxe4 4. Nxe4 Bf5 5. Ng3 Bg6 6. Nf3 Nd7 7. Bd3 e6 8.
O-O Ngf6 9. b3 Be7 10. Bb2 Qc7 11. c4 O-O 12. Bxg6 hxg6 13. Qe2 Rad8 14. Rfd1
Rfe8 15. Qc2 Bd6 16. Re1 e5 17. Rad1 exd4 18. Bxd4 Bc5 19. Qb2 Bxd4 20. Rxe8+
Rxe8 21. Qxd4 Qa5 22. Rd2 Ne5 23. Nxe5 Qxe5 24. Qxe5 Rxe5 25. Re2 Rxe2 26. Nxe2
Kf8 27. f3 Ke7 28. b4 Nd7 29. f4 Nb6 30. c5 Nd5 31. a3 a5 32. bxa5 Nc7 33. Nd4
Na6 34. f5 g5 35. Nf3 Kf6 36. g4 Nxc5 37. h3 Nd3 38. Kf1 Nf4 39. Ke1 c5 40. Kd2
Nxh3 41. Ke3 Ke7 42. Ne5 f6 43. Nc6+ Kd7 44. a6 bxa6 45. Nb8+ Kd6 46. Nxa6 Nf4
47. Ke4 Nd5 48. Nb8 Nb6 49. Na6 Nd7 50. Kf3 0-1

[Event "WA Open - Premier Section"]
[Site "Redmond, WA"]
[Date "2008.05.25"]
[Round "3"]
[White "Phillips, Daniel"]
[Black "Buck, Stephen"]
[Result "1-0"]
[WhiteElo "1848"]
[BlackElo "1734"]
[PlyCount "67"]
[EventDate "2008.05.??"]
[SourceDate "2008.05.24"]

1. e4 c5 2. Nf3 d6 3. d4 cxd4 4. Nxd4 Nf6 5. Nc3 a6 6. f3 e6 7. Be3 Nc6 8. Qd2
Be7 9. g4 O-O 10. O-O-O Nxd4 11. Bxd4 b5 12. Bd3 Bb7 13. g5 Nd7 14. h4 Qa5 15.
Kb1 b4 16. Ne2 Ne5 17. Rh3 Rac8 18. Nc1 Nc4 19. Qe2 d5 20. f4 Nd6 21. exd5 Bxd5
22. f5 Nb5 23. Bxg7 Nc3+ 24. Bxc3 bxc3 25. f6 Bxa2+ 26. Nxa2 Rb8 27. Bxh7+ Kh8
28. Rxc3 Rxb2+ 29. Kxb2 Rb8+ 30. Rb3 Ba3+ 31. Ka1 Rxb3 32. cxb3 Kxh7 33. Rd7
Qc5 34. Qh5+ 1-0

[Event "WA Open - Premier Section"]
[Site "Redmond, WA"]
[Date "2008.05.25"]
[Round "3"]
[White "Omori, Michael"]
[Black "Saidy, Jawid"]
[Result "1-0"]
[WhiteElo "1821"]
[BlackElo "1786"]
[PlyCount "43"]
[EventDate "2008.05.??"]
[SourceDate "2008.05.24"]

1. e4 e5 2. Nf3 Nc6 3. d4 exd4 4. Bc4 Bc5 5. c3 Na5 6. Bb5 dxc3 7. Nxc3 a6 8.
Ba4 b5 9. Qd5 Bxf2+ 10. Kxf2 c6 11. Qe5+ Ne7 12. Bc2 Nc4 13. Qxg7 Rg8 14. Qd4
d6 15. b3 c5 16. Qd3 Na5 17. Rd1 b4 18. Ne2 Rg6 19. Ng3 c4 20. bxc4 Rf6 21.
Ba4+ Kf8 22. Nh5 1-0

[Event "WA Open - Premier Section"]
[Site "Redmond, WA"]
[Date "2008.05.26"]
[Round "6"]
[White "O'Connell, Sean"]
[Black "Douglas, Kurt"]
[Result "1/2-1/2"]
[WhiteElo "1609"]
[BlackElo "1716"]
[PlyCount "106"]
[EventDate "2008.05.??"]
[SourceDate "2008.05.24"]

1. d4 Nf6 2. c4 e6 3. Nc3 Bb4 4. Qc2 O-O 5. a3 Bxc3+ 6. Qxc3 d5 7. e3 Nbd7 8.
Bd3 c5 9. Ne2 dxc4 10. Bxc4 b6 11. O-O Bb7 12. Rd1 Qc7 13. Ng3 Rac8 14. Bd3
cxd4 15. Qxc7 Rxc7 16. exd4 Nd5 17. Ne4 N7f6 18. Nd6 Bc6 19. Bd2 Rd8 20. Nb5
Rcd7 21. Rac1 Ba8 22. Bg5 h6 23. Bd2 a6 24. Nc3 Bb7 25. Ne2 Ne7 26. Bf4 Nc6 27.
Bc2 Nxd4 28. Nxd4 Rxd4 29. Rxd4 Rxd4 30. Be3 Rd6 31. Bb3 Nd5 32. Rd1 b5 33. f3
Rd8 34. Bf2 Rc8 35. h4 g5 36. hxg5 hxg5 37. Bd4 f6 38. Bxd5 Bxd5 39. Bxf6 Kf7
40. Bxg5 Rg8 41. Bh4 a5 42. Kf2 Rc8 43. Bg5 Rc2+ 44. Rd2 Rxd2+ 45. Bxd2 a4 46.
g4 Kg6 47. f4 Kf7 48. Ke3 Kg6 49. Kd4 Kf6 50. Bc3 Bc4 51. Ke4+ Kg6 52. Kf3 Bd5+
53. Kg3 Bc4 1/2-1/2

[Event "WA Open - Premier Section"]
[Site "Redmond, WA"]
[Date "2008.05.26"]
[Round "6"]
[White "Buck, Stephen"]
[Black "Harmon, Carl"]
[Result "1/2-1/2"]
[WhiteElo "1734"]
[BlackElo "1557"]
[PlyCount "37"]
[EventDate "2008.05.??"]
[SourceDate "2008.05.24"]

1. c4 e5 2. Nc3 f5 3. Nf3 Nc6 4. d4 d6 5. dxe5 Nxe5 6. Nxe5 dxe5 7. Qxd8+ Kxd8
8. Bg5+ Be7 9. Rd1+ Ke8 10. Bxe7 Nxe7 11. e3 Be6 12. Be2 c6 13. O-O Kf7 14. Rd2
g5 15. Rfd1 h5 16. Bd3 Rag8 17. f3 g4 18. f4 h4 19. Bf1 {
some moves were not recorded, but the players soon agreed to a draw.} 1/2-1/2

[Event "WA Open - Reserve Section"]
[Site "Redmond, WA"]
[Date "2008.05.24"]
[Round "1"]
[White "Milener, Gene"]
[Black "Cordero, Rowland"]
[Result "0-1"]
[WhiteElo "1294"]
[BlackElo "1527"]
[PlyCount "122"]
[EventDate "2008.05.??"]
[SourceDate "2008.05.24"]

1. e4 e5 2. Nf3 Nc6 3. Bb5 a6 4. Ba4 Nf6 5. O-O Be7 6. Re1 b5 7. Bb3 O-O 8. h3
d6 9. c3 Re8 10. d3 Bb7 11. Nh4 d5 12. Nf5 Bf8 13. Bg5 Na5 14. Bxd5 Bxd5 15.
exd5 Qd7 16. Nh6+ gxh6 17. Bxf6 Qf5 18. Bh4 Bg7 19. Re4 Nb7 20. Qg4 Nd6 21. Nd2
Qg6 22. Qxg6 hxg6 23. Re2 Nf5 24. Bg3 Nxg3 25. fxg3 Rad8 26. Ne4 Rxd5 27. d4 f5
28. Nf2 Red8 29. dxe5 Bxe5 30. g4 Bg3 31. gxf5 gxf5 32. Rf1 Rd2 33. Rxd2 Rxd2
34. Nh1 f4 35. Nxg3 fxg3 36. Rf3 Rxb2 37. Rxg3+ Kf7 38. Rf3+ Ke6 39. Re3+ Kf6
40. Rf3+ Ke5 41. Rf2 Rb1+ 42. Rf1 Rxf1+ 43. Kxf1 c5 44. Ke2 Ke4 45. a3 a5 46.
g4 Kf4 47. Kd3 Kg3 48. Ke4 Kxh3 49. Kf5 Kh4 50. Kf4 b4 51. cxb4 cxb4 52. axb4
axb4 53. g5 hxg5+ 54. Ke3 Kg3 55. Ke2 b3 56. Kd2 Kf2 57. Kc1 g4 58. Kb2 g3 59.
Kxb3 g2 60. Kc2 g1=Q 61. Kd2 Qg3 0-1

[Event "WA Open - Reserve Section"]
[Site "Redmond, WA"]
[Date "2008.05.24"]
[Round "2"]
[White "Johnson, Trevor"]
[Black "Marcjan, Cezary"]
[Result "0-1"]
[WhiteElo "1379"]
[BlackElo "1406"]
[PlyCount "60"]
[EventDate "2008.05.??"]
[SourceDate "2008.05.24"]

1. e4 d5 2. exd5 Nf6 3. c4 c6 4. dxc6 Nxc6 5. Nf3 e5 6. d3 Bc5 7. Be2 Bf5 8.
O-O Qb6 9. Qb3 O-O-O 10. Rd1 Bxf2+ 11. Kh1 Ng4 12. Qxb6 Bxb6 13. d4 Nf2+ 14.
Kg1 Nxd1 15. Bxd1 Nxd4 16. Nxd4 Bxd4+ 17. Kf1 Bxb2 18. Bxb2 Rxd1+ 19. Ke2 Rxb1
20. Rxb1 Bxb1 21. a3 Kd7 22. Kf3 f6 23. g4 Rc8 24. g5 Rxc4 25. Ke3 f5 26. Kf3
e4+ 27. Kf4 g6 28. Be5 e3+ 29. Kf3 f4 30. Ke2 Rc2+ 0-1

[Event "WA Open - Reserve Section"]
[Site "Redmond, WA"]
[Date "2008.05.24"]
[Round "2"]
[White "Baker, Ted"]
[Black "Inglis, David"]
[Result "0-1"]
[WhiteElo "1460"]
[BlackElo "1647"]
[PlyCount "76"]
[EventDate "2008.05.??"]
[SourceDate "2008.05.24"]

1. d4 Nf6 2. c4 g6 3. Nc3 Bg7 4. e4 d6 5. f4 O-O 6. Nf3 Nbd7 7. Be2 e5 8. O-O
c6 9. fxe5 dxe5 10. dxe5 Ng4 11. Bg5 Qb6+ 12. Qd4 Ngxe5 13. Qxb6 Nxb6 14. c5
Nbd7 15. Be7 Re8 16. Bd6 Nxf3+ 17. Rxf3 Bxc3 18. Rxc3 Rxe4 19. Bf3 Re8 20. b4
a6 21. Rcc1 Nf6 22. Re1 Bg4 23. Bxg4 Nxg4 24. h3 Ne3 25. Re2 Re6 26. Kf2 Rae8
27. Rae1 Nd1+ 28. Kf3 Rxe2 29. Rxe2 Rxe2 30. Kxe2 Nc3+ 31. Kd3 Nxa2 32. Kc4 Nc1
33. Kd4 f6 34. h4 Kf7 35. Bc7 Ke6 36. g4 Ne2+ 37. Ke4 Nc3+ 38. Kd4 Nb5+ 0-1

[Event "WA Open - Reserve Section"]
[Site "Redmond, WA"]
[Date "2008.05.24"]
[Round "1"]
[White "Hilling, Lloyd"]
[Black "Omori, Jeffrey"]
[Result "1-0"]
[WhiteElo "1658"]
[BlackElo "1482"]
[PlyCount "111"]
[EventDate "2008.05.??"]
[SourceDate "2008.05.24"]

1. d4 Nf6 2. e3 d5 3. Bd3 Nc6 4. Nd2 e6 5. c3 Bd6 6. f4 O-O 7. Ngf3 Ne7 8. Ne5
c5 9. g4 cxd4 10. exd4 Ne4 11. Nxe4 dxe4 12. Bxe4 Nd5 13. Qf3 Be7 14. Qh3 f5
15. Bc2 Bd7 16. Bd2 b5 17. O-O Rc8 18. Qd3 a6 19. a4 Nb6 20. gxf5 exf5 21. Bb3+
Kh8 22. Nf7+ Rxf7 23. Bxf7 Nc4 24. Bc1 Nd6 25. Bd5 Bf6 26. Rf2 Bc6 27. Bxc6
Rxc6 28. axb5 axb5 29. Re2 Rb6 30. Be3 Rb8 31. Bf2 Qc7 32. Rc1 Rc8 33. Re6 b4
34. Rxd6 Qxd6 35. Qxf5 Rd8 36. Re1 bxc3 37. bxc3 Qc7 38. Rc1 Kg8 39. Qe6+ Kf8
40. Qe3 Qc4 41. Rd1 Re8 42. Qd3 Qxd3 43. Rxd3 Rc8 44. Kf1 Ke7 45. Ke2 Kd6 46.
Rh3 Kd5 47. Kd3 h6 48. Rh5+ Kd6 49. Bh4 Rf8 50. c4 Bxh4 51. c5+ Kc6 52. Rxh4
Re8 53. Rg4 Re7 54. Rg6+ Kd7 55. d5 Rf7 56. Ke4 1-0

[Event "WA Open - Reserve Section"]
[Site "Redmond, WA"]
[Date "2008.05.24"]
[Round "1"]
[White "Wilson, Paul"]
[Black "Copeland, Chris"]
[Result "1-0"]
[WhiteElo "1390"]
[BlackElo "1589"]
[PlyCount "113"]
[EventDate "2008.05.??"]
[SourceDate "2008.05.24"]

1. b3 d5 2. Bb2 c5 3. Nf3 Nf6 4. g3 Nbd7 5. Bg2 e6 6. O-O Be7 7. d3 O-O 8. Nbd2
Rb8 9. Re1 Qc7 10. e4 d4 11. e5 Ng4 12. Nxd4 Nxf2 13. Kxf2 cxd4 14. Bxd4 Bc5
15. c3 Nxe5 16. Nc4 Bxd4+ 17. cxd4 Ng6 18. Qe2 b6 19. Rac1 Qe7 20. Ne5 Qf6+ 21.
Qf3 Nxe5 22. dxe5 Qxf3+ 23. Bxf3 Ba6 24. Ke3 Rfd8 (24... Rbd8) 25. d4 Rbc8 26.
h4 Kf8 27. Bc6 Rc7 28. Rc2 Rdc8 29. Rec1 Bb7 30. Be4 Rxc2 31. Rxc2 Rxc2 32.
Bxc2 Bd5 33. h5 h6 34. Be4 Ke7 35. Bxd5 exd5 36. Kf4 Ke6 37. Kf3 Kf5 38. g4+
Kg5 39. Kg3 g6 40. hxg6 fxg6 (40... Kxg6) 41. Kf3 h5 42. gxh5 gxh5 43. Kg3 h4+
44. Kf3 Kf5 45. Kg2 Kg6 46. Kh3 Kg5 47. e6 Kf6 48. Kxh4 Kxe6 49. Kg5 a5 50. a4
Kd6 51. Kf6 b5 52. Kf5 bxa4 53. bxa4 Kd7 54. Ke5 Kc6 55. Ke6 Kc7 56. Kxd5 Kd7
57. Kc5 1-0

[Event "WA Open - Reserve Section"]
[Site "Redmond, WA"]
[Date "2008.05.24"]
[Round "1"]
[White "Marcjan, Cezary"]
[Black "Churchill, Sam"]
[Result "0-1"]
[WhiteElo "1406"]
[BlackElo "1606"]
[PlyCount "80"]
[EventDate "2008.05.??"]
[SourceDate "2008.05.24"]

1. e4 e6 2. d4 d5 3. e5 c5 4. Nf3 Nc6 5. c3 Nh6 6. Bxh6 gxh6 7. Nbd2 cxd4 8.
cxd4 Bg7 9. Bb5 O-O 10. a3 Ne7 11. Qc2 f6 12. Bd3 fxe5 13. Bxh7+ Kh8 14. Nxe5
Nc6 15. Ng6+ Kxh7 16. Nxf8+ Kg8 17. Ng6 Nxd4 18. Qd3 e5 19. O-O Bf5 20. Qe3
Bxg6 21. Rac1 Qb6 22. b4 Rf8 23. Rc5 Qd6 24. Rfc1 Bh5 25. f3 e4 26. Nxe4 dxe4
27. Rxh5 exf3 28. gxf3 Qg6+ 29. Kh1 Qxh5 30. Rf1 Rxf3 31. Rxf3 Qxf3+ 32. Qxf3
Nxf3 33. Kg2 Nxh2 34. Kxh2 Kf7 35. a4 Ke6 36. Kg3 Kd5 37. Kf4 Kc4 38. Kf5 Kxb4
39. Kg6 Kxa4 40. Kxg7 h5 0-1

[Event "WA Open - Reserve Section"]
[Site "Redmond, WA"]
[Date "2008.05.24"]
[Round "1"]
[White "Golden, Richard"]
[Black "Baker, Ted"]
[Result "0-1"]
[WhiteElo "1560"]
[BlackElo "1460"]
[PlyCount "72"]
[EventDate "2008.05.??"]
[SourceDate "2008.05.24"]

1. e4 c5 2. d4 cxd4 3. c3 dxc3 4. Nxc3 Nc6 5. Nf3 e6 6. Bc4 Bb4 7. Bd2 Nge7 8.
O-O O-O 9. a3 Bxc3 10. Bxc3 d5 11. exd5 exd5 12. Bb3 Be6 13. Bc2 Qc7 14. Rc1
Rad8 {Diagram #} 15. Bxg7 Kxg7 16. Ng5 Ng6 17. Re1 Rd6 18. Qf3 h6 19. Nxe6+
fxe6 20. Qg3 Rf6 21. h4 h5 22. Qg5 Rd8 23. Bxg6 Rxg6 24. Qd2 Qd6 25. Qe2 Rf8
26. g3 Nd4 27. Qxh5 Nf3+ 28. Kf1 Nxe1 29. Kxe1 Rf5 30. Qd1 Qe5+ 31. Qe2 Qxe2+
32. Kxe2 Rf7 33. b4 e5 34. Rc5 Rd7 35. Kd3 Rf6 36. Ke2 Rc6 0-1

[Event "WA Open - Reserve Section"]
[Site "Redmond, WA"]
[Date "2008.05.25"]
[Round "2"]
[White "Xing, Casey"]
[Black "Grabar, Svetlana"]
[Result "1-0"]
[WhiteElo "1624"]
[BlackElo "1164"]
[PlyCount "45"]
[EventDate "2008.05.??"]
[SourceDate "2008.05.24"]

1. d4 d5 2. c4 e6 3. Nc3 Nf6 4. Nf3 Nbd7 5. e3 c5 6. Be2 Be7 7. O-O O-O 8. b3
b6 9. Bb2 Bb7 10. Qc2 Qc7 11. Rac1 Rac8 12. Qb1 Qc6 13. Ne5 Nxe5 14. dxe5 Nd7
15. f4 f6 16. Bf3 Qc7 17. cxd5 exd5 18. Nxd5 Bxd5 19. Bxd5+ Kh8 20. e6 Nb8 21.
f5 Rfd8 22. Qe4 Nc6 23. Bxc6 {and the remaining moves were unclear.} 1-0

[Event "WA Open - Reserve Section"]
[Site "Redmond, WA"]
[Date "2008.05.25"]
[Round "1"]
[White "Breneman, Jesse"]
[Black "Ramanujan, Nevin"]
[Result "1-0"]
[WhiteElo "1535"]
[BlackElo "1352"]
[PlyCount "53"]
[EventDate "2008.05.??"]
[SourceDate "2008.05.24"]

1. d4 Nf6 2. c4 e6 3. Nf3 b6 4. Nc3 Bb4 5. a3 Bxc3+ 6. bxc3 Bb7 7. e3 O-O 8.
Bd3 d5 9. cxd5 exd5 10. O-O Nbd7 11. Bb2 Rc8 12. Qe2 c5 13. c4 cxd4 14. Nxd4
Nc5 15. Bf5 Ba6 16. Rfc1 Rc7 17. Nb5 Bxb5 18. cxb5 Nb3 19. Rxc7 Qxc7 20. Rb1
Nc5 21. Bxf6 g6 22. Qg4 Qd6 23. Qh4 Re8 24. Rd1 Nd7 25. Bxd7 Re4 26. Qxe4 Qxf6
27. Qxd5 1-0

[Event "WA Open - Reserve Section"]
[Site "Redmond, WA"]
[Date "2008.05.25"]
[Round "4"]
[White "Milener, Gene"]
[Black "Breneman, Jesse"]
[Result "0-1"]
[WhiteElo "1294"]
[BlackElo "1535"]
[PlyCount "66"]
[EventDate "2008.05.??"]
[SourceDate "2008.05.24"]

1. e4 e6 2. d4 d5 3. Nc3 Bb4 4. e5 c5 5. Be3 Nc6 6. a3 cxd4 7. Bxd4 Nxd4 8.
axb4 Nc6 9. Qg4 Nge7 10. Qxg7 Rg8 11. Qxh7 Nxe5 12. h4 Bd7 13. h5 Qb6 14. Rh4
O-O-O 15. f4 Nf5 16. fxe5 Nxh4 17. Nge2 Qxb4 18. Rxa7 Kb8 19. Ra2 Nxg2+ 20. Kf2
Qh4+ 21. Kf3 Ne1+ 22. Ke3 {Diagram #} Rg1 23. Nxg1 d4+ 24. Kd2 dxc3+ 25. bxc3
Qf2+ 26. Be2 Bb5+ 27. Kc1 Bxe2 28. Nxe2 Qxe2 29. Qxf7 Rd1+ 30. Kb2 Qxc2+ 31.
Ka3 Qxc3+ 32. Ka4 Rd4+ 33. Kb5 Qb4# 0-1

[Event "WA Open - Reserve Section"]
[Site "Redmond, WA"]
[Date "2008.05.26"]
[Round "5"]
[White "Breneman, Jesse"]
[Black "Chuck, Carlin"]
[Result "1-0"]
[WhiteElo "1535"]
[BlackElo "1315"]
[PlyCount "63"]
[EventDate "2008.05.??"]
[SourceDate "2008.05.24"]

1. d4 g6 2. c4 Bg7 3. Nf3 d6 4. e4 Nd7 5. Nc3 c5 6. d5 b6 7. Be2 Nh6 8. Be3 Ng4
9. Bf4 Nge5 10. Nxe5 Nxe5 11. Be3 O-O 12. f4 Nd7 13. Qd2 Re8 14. h4 Qc7 15. h5
Bb7 16. hxg6 hxg6 17. g4 e6 18. O-O-O e5 19. f5 gxf5 20. gxf5 Kf8 21. Bh6 Bxh6
22. Qxh6+ Ke7 23. Nb5 Qb8 24. Qg5+ f6 25. Qg7+ Kd8 26. Rh7 Bc8 27. Bh5 Rf8 28.
Rh8 Ba6 29. Rxf8+ Nxf8 30. Qxf8+ Kd7 31. Be8+ Kc8 32. Bc6# 1-0

[Event "WA Open - Reserve Section"]
[Site "Redmond, WA"]
[Date "2008.05.25"]
[Round "3"]
[White "Cordero, Rowland"]
[Black "Dixon, Blake"]
[Result "1-0"]
[WhiteElo "1527"]
[BlackElo "1605"]
[PlyCount "77"]
[EventDate "2008.05.??"]
[SourceDate "2008.05.24"]

1. e4 e5 2. Nf3 Nc6 3. Bb5 a6 4. Ba4 Nf6 5. O-O b5 6. Bb3 Bc5 7. d3 O-O 8. Qe2
d6 9. Bg5 Bg4 10. Nbd2 Nd4 11. Qd1 h6 12. Be3 Re8 13. c3 Ne6 14. Qe1 Nf4 15.
Bxf4 exf4 16. d4 Bxf3 17. gxf3 Bb6 18. Kh1 c5 19. Rc1 cxd4 20. cxd4 Bxd4 21.
Rc2 Re5 22. Nb1 Rh5 23. Rg1 Qd7 24. Rg2 Qh3 25. Qg1 g5 26. Nd2 Nd7 27. Rc7 Ne5
28. Qd1 Rd8 29. Bd5 Rd7 30. Rxd7 Qxd7 31. Qc2 Kf8 32. b4 g4 33. Qd1 Nd3 34.
fxg4 Rxd5 35. exd5 Nxf2+ 36. Rxf2 Bxf2 37. Ne4 Be3 38. Nf6 Ke7 $4 39. Nxd7 1-0

[Event "WA Open - Reserve Section"]
[Site "Redmond, WA"]
[Date "2008.05.25"]
[Round "2"]
[White "Rutgers, Bert"]
[Black "Breneman, Jesse"]
[Result "1-0"]
[WhiteElo "1442"]
[BlackElo "1535"]
[PlyCount "63"]
[EventDate "2008.05.??"]
[SourceDate "2008.05.24"]

1. d4 Nf6 2. c4 c5 3. d5 b5 4. cxb5 a6 5. bxa6 g6 6. Nc3 Bxa6 7. g3 d6 8. Nf3
Bg7 9. Qa4+ Nbd7 10. Qc2 O-O 11. Bh3 Qb6 12. O-O Rfb8 13. Re1 c4 14. Rb1 Nc5
15. Be3 Qc7 16. Nd4 Rb6 17. Nc6 Bb7 18. Bxc5 dxc5 19. Bg2 Qd6 20. e4 Nd7 21. f4
Bxc6 22. dxc6 Nb8 23. e5 Qc7 24. Nd5 Qa7 25. Nxb6 Qxb6 26. c7 Nc6 27. Qe4 Qxc7
28. Qxc6 Qxc6 29. Bxc6 Rxa2 30. Rec1 Ra6 31. Bb5 Rb6 32. Bxc4 1-0

[Event "WA Open - Reserve Section"]
[Site "Redmond, WA"]
[Date "2008.05.26"]
[Round "5"]
[White "Baker, Ted"]
[Black "May, Sarah"]
[Result "1/2-1/2"]
[WhiteElo "1460"]
[BlackElo "1573"]
[PlyCount "83"]
[EventDate "2008.05.??"]
[SourceDate "2008.05.24"]

1. d4 d5 2. c4 c6 3. Nf3 Bf5 4. Bf4 e6 5. e3 Qb6 6. Qb3 Nd7 7. c5 Qxb3 8. axb3
a6 9. Be2 Be7 10. O-O Rc8 11. Nc3 Bd8 12. Ne5 Nxe5 13. Bxe5 f6 14. Bd6 Bc7 15.
Bxc7 Rxc7 16. f3 Bg6 17. e4 Kd8 18. exd5 exd5 19. Rfe1 Ne7 20. g4 Re8 21. Bf1
Ng8 22. Rxe8+ Kxe8 23. Re1+ Re7 24. Rxe7+ Kxe7 25. b4 h5 26. Na4 hxg4 27. fxg4
Nh6 28. h3 f5 29. Be2 fxg4 30. hxg4 Bf7 31. Kf2 Kf6 32. Nb6 Be6 33. Kg3 Kg5 34.
Na8 Nxg4 35. Nc7 Bd7 36. Bxg4 Bxg4 37. Ne8 g6 38. Nd6 Be2 39. Nxb7 Kf6 40. Nd8
Bb5 41. Nb7 Kg5 42. Nd6 1/2-1/2

[Event "WA Open - Reserve Section"]
[Site "Redmond, WA"]
[Date "2008.05.25"]
[Round "5"]
[White "Pettijohn, Benjamin"]
[Black "Xing, Casey"]
[Result "1/2-1/2"]
[WhiteElo "1723"]
[BlackElo "1624"]
[PlyCount "74"]
[EventDate "2008.05.??"]
[SourceDate "2008.05.24"]

1. e4 e6 2. d4 d5 3. exd5 exd5 4. Nf3 Bd6 5. Bd3 Nc6 6. O-O Nge7 7. Bg5 Bg4 8.
c3 Qd7 9. Nbd2 O-O-O 10. Bxe7 Bxe7 11. b4 g5 12. Qc2 Be6 13. Rfe1 g4 14. Ne5
Nxe5 15. Rxe5 Bd6 16. Rh5 Kb8 17. Nb3 Rdf8 18. Bf5 Bxf5 19. Qxf5 Qxf5 20. Rxf5
c6 21. f4 Kc7 22. g3 Rhg8 23. Re1 Rg6 24. Nc5 b6 25. Nd3 f6 26. Rh5 h6 27. f5
Rg5 28. Rxh6 Rxf5 29. Rh7+ Kb8 30. Rd7 Rf3 31. Nf4 Bxf4 32. gxf4 Rxc3 33. Ree7
Ra3 34. f5 Rxa2 35. Rg7 Re8 36. Kf1 Ra1+ 37. Kf2 Ra2+ 1/2-1/2

[Event "WA Open - Reserve Section"]
[Site "Redmond, WA"]
[Date "2008.05.25"]
[Round "2"]
[White "Pettijohn, Benjamin"]
[Black "Varner, Murlin"]
[Result "1-0"]
[WhiteElo "1723"]
[BlackElo "1517"]
[PlyCount "61"]
[EventDate "2008.05.??"]
[SourceDate "2008.05.24"]

1. e4 e5 2. Nf3 Nc6 3. Bc4 Bc5 4. O-O Nf6 5. Nc3 O-O 6. d3 h6 7. Be3 Bxe3 8.
fxe3 d6 9. Qe1 Na5 10. Rd1 Nxc4 11. dxc4 b6 12. Nxe5 Qe8 13. Nd3 Nxe4 14. Nxe4
Qxe4 15. Rf4 Qc6 16. Qf2 Be6 17. Nb4 Qd7 18. Qg3 a5 19. Nd5 Bxd5 20. cxd5 Qe7
21. Rdf1 Qe5 22. Qf3 f6 23. c3 Rae8 24. e4 Qg5 25. h4 Qg6 26. h5 Qg5 27. Rg4
Qe5 28. Qh3 f5 29. Rxf5 Rxf5 30. exf5 Qxf5 $4 31. Rxg7+ 1-0

[Event "WA Open - Reserve Section"]
[Site "Redmond, WA"]
[Date "2008.05.??"]
[Round "2"]
[White "Churchill, Sam"]
[Black "Chuck, Carlin"]
[Result "1-0"]
[WhiteElo "1606"]
[BlackElo "1315"]
[PlyCount "73"]
[EventDate "2008.05.??"]
[SourceDate "2008.05.24"]

1. e4 g6 2. d4 Bg7 3. Nc3 d6 4. Be3 a6 5. Qd2 Nd7 6. Bd3 b5 7. f4 Bb7 8. Nf3 c5
9. O-O c4 10. Be2 Ngf6 11. e5 Ng4 12. Ng5 Nxe3 13. Qxe3 b4 14. Bxc4 bxc3 15.
Bxf7+ Kf8 16. Ne6+ Kxf7 17. Nxd8+ Rhxd8 18. Qxc3 Kg8 19. Qb3+ Kh8 20. Qxb7 Rab8
21. Qc6 Rbc8 22. Qxa6 Rxc2 23. Rac1 Rxb2 24. Rc8 Rxc8 25. Qxc8+ Nf8 26. a4 Ra2
27. Qa8 dxe5 28. fxe5 Kg8 29. a5 Ra4 30. a6 Rxd4 31. a7 Rd7 32. Qb8 Rxa7 33.
Qxa7 Bxe5 34. Qxe7 Bg7 35. Rf7 Bd4+ 36. Kf1 h5 37. Qxf8# 1-0

[Event "WA Open - Reserve Section"]
[Site "Redmond, WA"]
[Date "2008.05.24"]
[Round "1"]
[White "Monahan, Darby"]
[Black "Song, Matthew"]
[Result "0-1"]
[WhiteElo "1500"]
[BlackElo "1297"]
[PlyCount "81"]
[EventDate "2008.05.??"]
[SourceDate "2008.05.24"]

1. e4 e5 2. Nf3 Nc6 3. Bb5 Bc5 4. c3 d6 5. h3 Nf6 6. d3 Be6 7. O-O Qd7 8. Ng5
h6 9. Nxe6 Qxe6 10. Kh1 a6 11. Ba4 Qd7 12. Be3 Bxe3 13. fxe3 b5 14. Bc2 Ne7 15.
d4 Ng6 16. d5 O-O 17. Nd2 Nh7 18. Qe2 Ng5 19. Nf3 Nxf3 20. Rxf3 c5 21. Qf2 Qe7
22. Rf5 Qh4 23. Rf1 Qxf2 24. R5xf2 f6 25. Bd1 Ne7 26. Bg4 Nc8 27. Bd7 Nb6 28.
Be6+ Kh8 29. b3 a5 30. Rc1 a4 31. Bg4 axb3 32. axb3 Ra3 33. Bd1 f5 34. exf5
Nxd5 35. e4 Ne3 36. Rb2 Nxd1 37. Rxd1 Rf6 38. g4 g6 39. fxg6 Rxg6 40. Rf1 Kg7
41. Kg2 {remaining moves indecipherable. Black won this endgame.} 0-1

[Event "WA Open - Reserve Section"]
[Site "Redmond, WA"]
[Date "2008.05.26"]
[Round "5"]
[White "Biencourt, Pierre"]
[Black "Marcjan, Cezary"]
[Result "0-1"]
[WhiteElo "1545"]
[BlackElo "1406"]
[PlyCount "120"]
[EventDate "2008.05.??"]
[SourceDate "2008.05.24"]

1. e4 d5 2. exd5 Nf6 3. d4 Nxd5 4. c4 Nf6 5. h3 c5 6. Nf3 cxd4 7. Qxd4 Qxd4 8.
Nxd4 e5 9. Nb5 Na6 10. f4 Bb4+ 11. N1c3 exf4 12. Bxf4 O-O 13. a3 Re8+ 14. Kf2
Bc5+ 15. Kf3 b6 16. Nd6 Bxd6 17. Bxd6 Bb7+ 18. Kf2 Rad8 19. Bf4 Nc5 20. Kg1 Rd4
21. b4 Rxf4 22. bxc5 bxc5 23. Nb5 Bc8 24. Nd6 Rd8 25. Nxc8 Rxc8 26. Ra2 Ne4 27.
Kh2 Rd8 28. Rb2 Nd2 29. Bd3 Nxc4 30. Bxc4 Rxc4 31. Rd1 Rcd4 32. Rxd4 cxd4 33.
Kg3 f5 34. Kf4 d3 35. Rd2 g6 36. Ke3 Kf7 37. Rxd3 Rxd3+ 38. Kxd3 Ke6 39. Kd4 g5
40. a4 Kd6 41. g3 h5 42. a5 a6 43. Kc4 h4 44. gxh4 gxh4 45. Kd4 Ke6 46. Ke3 Ke5
47. Kf3 f4 48. Kf2 Ke4 49. Ke2 f3+ 50. Kf1 Kd4 51. Kf2 Kc4 52. Kxf3 Kb5 53. Kg4
Kxa5 54. Kxh4 Kb5 55. Kg4 a5 56. h4 a4 57. h5 a3 58. h6 a2 59. h7 a1=Q 60. Kg5
Qg7+ 0-1